00636nam a22001937a 4500999001900000005001700019010001300036020002600049035001200075037001600087082000800103100002000111245007300131246007900204260005300283270005800336300002100394942002700415 c191866d19186620220906110303.0 aUR-11706 a9789392496370c300.00 aU-10261 bDBAD/PUBa- a841 aشہود ثمر aداغ ثمر :bشعری مجموع /cشہود ثمرhا ر د و aDagh-E-Samar (A collection of Ghazals, Nazm and Qatat) /bby Shahood Samar aNew DelhibEducational Publishing Housec2022 ء aH.O. D1/16, Ansari Road, DaryaganjbNew Delhie110002 a128 صc23cm(Hb) 2ddccURh841mش ہ و